| 000 | 00513nam a22001817a 4500 | ||
|---|---|---|---|
| 999 |
_c61723 _d61723 |
||
| 005 | 20181114143045.0 | ||
| 008 | 120131t xxu||||| |||| 00| 0 eng d | ||
| 010 | _aB-108442 | ||
| 020 |
_a8188153001 _c120.00 |
||
| 035 | _aB-108427,B-1084442, B-108443 | ||
| 040 |
_aDPL _bENG |
||
| 100 |
_aGupta, Rajeev _940454 |
||
| 245 |
_aComputers for all _cby Rajeev Gupta |
||
| 250 | _a1st ed. | ||
| 260 |
_aDelhi _bNipun Publications _c2001 |
||
| 300 |
_a238p. _c18 cms. |
||
| 942 |
_2ddc _cEN _h004 _mGUP |
||